Southville International School and Colleges
Your cart is empty.
  • Cart
  • Lists
    Public lists Eva Luna New books Lux_list list_1
    Your lists Log in to create your own lists
  • Log in to your account
  • Your cookies
  • Search history
Southville International School and Colleges
  • Advanced search
  • Recent comments
  • Most popular
  • Libraries

Log in to your account

Log in with GOOGLE


If you do not have an external account, but do have a local account, you can still log in:

  1. Home
  2. MARC view: The last stand /
Normal view MARC view ISBD view

The last stand / (Record no. 10756)

[ view plain ]
MARC details
000 -LEADER
fixed length control field 01211cam a22003613a 4500
001 - CONTROL NUMBER
control field 16407473
003 - CONTROL NUMBER IDENTIFIER
control field OSt
005 - DATE AND TIME OF LATEST TRANSACTION
control field 20140310182224.0
008 - FIXED-LENGTH DATA ELEMENTS--GENERAL INFORMATION
fixed length control field 950915s1995 nyu 000 1 eng d
010 ## - LIBRARY OF CONGRESS CONTROL NUMBER
LC control number 97810852
015 ## - NATIONAL BIBLIOGRAPHY NUMBER
National bibliography number GB96-34109
020 ## - INTERNATIONAL STANDARD BOOK NUMBER
International Standard Book Number 0671501054 (pbk.) :
Terms of availability $5.99
035 ## - SYSTEM CONTROL NUMBER
System control number (OCoLC)ocm33142063
040 ## - CATALOGING SOURCE
Original cataloging agency BXT
Transcribing agency BXT
Modifying agency SVP
-- SLC
-- UKM
-- OCL
-- OCLCQ
-- DLC
050 00 - LIBRARY OF CONGRESS CALL NUMBER
Classification number PZ 7
Item number .F352 1995
082 ## - DEWEY DECIMAL CLASSIFICATION NUMBER
Classification number FIC
Item number F38st 1995
100 1# - MAIN ENTRY--PERSONAL NAME
Personal name Ferguson, Brad.
9 (RLIN) 17572
245 14 - TITLE STATEMENT
Title The last stand /
Statement of responsibility, etc Brad Ferguson.
260 ## - PUBLICATION, DISTRIBUTION, ETC. (IMPRINT)
Place of publication, distribution, etc New York :
Name of publisher, distributor, etc Pocket Books,
Date of publication, distribution, etc c1995.
300 ## - PHYSICAL DESCRIPTION
Extent 274 p. :
Dimensions 18 cm.
440 #0 - SERIES STATEMENT/ADDED ENTRY--TITLE
Title Star Trek : the next generation ;
Volume number/sequential designation no. 37
9 (RLIN) 17573
630 00 - SUBJECT ADDED ENTRY--UNIFORM TITLE
Uniform title Star trek, the next generation (Television program)
Form subdivision Fiction.
9 (RLIN) 17574
650 #0 - SUBJECT ADDED ENTRY--TOPICAL TERM
Topical term or geographic name as entry element Picard, Jean Luc (Fictitious character)
Form subdivision Fiction.
9 (RLIN) 17575
650 #0 - SUBJECT ADDED ENTRY--TOPICAL TERM
Topical term or geographic name as entry element Science fiction.
653 0# - INDEX TERM--UNCONTROLLED
Uncontrolled term English fiction.
653 0# - INDEX TERM--UNCONTROLLED
Uncontrolled term United States.
655 #7 - INDEX TERM--GENRE/FORM
Genre/form data or focus term Science fiction.
Source of term gsafd
9 (RLIN) 1889
655 #7 - INDEX TERM--GENRE/FORM
Genre/form data or focus term Radio and television novels.
Source of term gsafd
9 (RLIN) 3967
710 2# - ADDED ENTRY--CORPORATE NAME
Corporate name or jurisdiction name as entry element Copyright Paperback Collection (Library of Congress)
Institution to which field applies DLC
9 (RLIN) 705
906 ## - LOCAL DATA ELEMENT F, LDF (RLIN)
a 7
b cbc
c copycat
d 2
e ncip
f 19
g y-genrareb
942 ## - ADDED ENTRY ELEMENTS (KOHA)
Source of classification or shelving scheme Library of Congress Classification
Koha item type
Holdings
Withdrawn status Lost status Source of classification or shelving scheme Damaged status Home library Current library Shelving location Date acquired Total Checkouts Full call number Barcode Date last seen Copy number Price effective from Koha item type
    Library of Congress Classification   Luxembourg Library Luxembourg Library Fiction Section 09/10/2013   PZ 7 .F352 1995 5053 09/10/2013 1 09/10/2013 Books

The last stand /

APA

Ferguson B., Copyright Paperback Collection (Library of Congress), . (1995). The last stand. New York: Pocket Books.

Chicago

Ferguson Brad, Copyright Paperback Collection (Library of Congress), . 1995. The last stand. New York: Pocket Books.

Harvard

Ferguson B., Copyright Paperback Collection (Library of Congress), . (1995). The last stand. New York: Pocket Books.

MLA

Ferguson Brad, Copyright Paperback Collection (Library of Congress), . The last stand. New York: Pocket Books. 1995.

  • Place hold
  • Print
  • Cite
  • Add to your cart (remove)
  • Save record
    BIBTEX Dublin Core MARCXML MARC (non-Unicode/MARC-8) MARC (Unicode/UTF-8) MARC (Unicode/UTF-8, Standard) MODS (XML) RIS
  • More searches
    Search for this title in:
    Other Libraries (WorldCat) Other Databases (Google Scholar) Online Stores (Bookfinder.com) Open Library (openlibrary.org)

Exporting to Dublin Core...

SOUTHVILLE LIBRARY

Southville International School and Colleges Library

1281 Tropical Ave. Cor. Luxembourg St., BF Homes International, Las Pinas City

Tel. No. 8256374 / 252358 Loc. 117/146

Powered by Koha